The legendary tales and historical truths of the most notorious warriors / (Record no. 9755)
[ view plain ]
| 000 -LEADER | |
|---|---|
| fixed length control field | 00740nam a22002775a 4500 |
| 001 - CONTROL NUMBER | |
| control field | 15079898 |
| 003 - CONTROL NUMBER IDENTIFIER | |
| control field | OSt |
| 005 - DATE AND TIME OF LATEST TRANSACTION | |
| control field | 20140310182135.0 |
| 008 - FIXED-LENGTH DATA ELEMENTS--GENERAL INFORMATION | |
| fixed length control field | 071114s2008 nyu 000 0 eng |
| 010 ## - LIBRARY OF CONGRESS CONTROL NUMBER | |
| LC control number | 2007941369 |
| 020 ## - INTERNATIONAL STANDARD BOOK NUMBER | |
| International Standard Book Number | 1857533704 |
| 040 ## - CATALOGING SOURCE | |
| Original cataloging agency | DLC |
| Transcribing agency | DLC |
| 050 ## - LIBRARY OF CONGRESS CALL NUMBER | |
| Classification number | BL 325 |
| Item number | .M574 2002 |
| 082 ## - DEWEY DECIMAL CLASSIFICATION NUMBER | |
| Classification number | HS 398.22 |
| Item number | M47 2000 |
| 100 1# - MAIN ENTRY--PERSONAL NAME | |
| Personal name | Mersey, Daniel. |
| 9 (RLIN) | 14941 |
| 245 14 - TITLE STATEMENT | |
| Title | The legendary tales and historical truths of the most notorious warriors / |
| Statement of responsibility, etc | Daniel Mersey. |
| 260 ## - PUBLICATION, DISTRIBUTION, ETC. (IMPRINT) | |
| Place of publication, distribution, etc | New York : |
| Name of publisher, distributor, etc | Conway, |
| Date of publication, distribution, etc | c2002. |
| 263 ## - PROJECTED PUBLICATION DATE | |
| Projected publication date | 0805 |
| 300 ## - PHYSICAL DESCRIPTION | |
| Extent | 384 p. : |
| Dimensions | 19 cm. |
| 521 ## - TARGET AUDIENCE NOTE | |
| Target audience note | |
| 526 ## - STUDY PROGRAM INFORMATION NOTE | |
| Reading level | |
| 906 ## - LOCAL DATA ELEMENT F, LDF (RLIN) | |
| a | 0 |
| b | ibc |
| c | orignew |
| d | 2 |
| e | epcn |
| f | 20 |
| g | y-gencatlg |
| 942 ## - ADDED ENTRY ELEMENTS (KOHA) | |
| Source of classification or shelving scheme | Library of Congress Classification |
| Koha item type | |
| Withdrawn status | Lost status | Source of classification or shelving scheme | Damaged status | Home library | Current library | Shelving location | Date acquired | Total Checkouts | Full call number | Barcode | Date last seen | Copy number | Price effective from | Koha item type |
|---|---|---|---|---|---|---|---|---|---|---|---|---|---|---|
| Library of Congress Classification | Luxembourg Library | Luxembourg Library | High School Section | 08/29/2013 | BL 325 .M574 2002 | 15455 | 08/29/2013 | 1 | 08/29/2013 | Books |